Top 5 comuni più popolosi per provincia - Sicilia - Statistics

Statistiche generali
  • Questo quiz è stato fatto 94 volte
  • Il punteggio medio è 28 su 45
Statistiche sulle risposte
Province Comuni N° abitanti % Corretto
Agrigento Agrigento 55.317
97%
Caltanissetta 58.342
95%
Catania Catania 298.209
95%
Messina Messina 217.895
95%
Palermo Palermo 628.894
95%
Enna Enna 25.367
94%
Ragusa Ragusa 73.684
94%
Siracusa Siracusa 116.051
94%
Trapani 55.218
94%
Caltanissetta Gela 70.811
90%
Trapani Marsala 79.833
90%
Vittoria 64.678
81%
Mazara del Vallo 50.117
79%
Acireale 50.590
78%
Bagheria 53.021
75%
Modica 53.442
73%
Sciacca 38.712
73%
Noto 24.572
70%
Monreale 38.776
68%
Milazzo 29.998
67%
Caltagirone 35.628
63%
Licata 34.189
63%
Barcellona Pozzo di Gotto 39.878
62%
Castelvetrano 29.249
62%
Misterbianco 48.793
60%
Piazza Armerina 20.709
59%
Paternò 44.970
57%
Alcamo 44.683
54%
Canicattì 34.447
51%
Favara 31.451
51%
Augusta 34.618
48%
Comiso 30.092
46%
Capo d'Orlando 13.105
44%
Carini 40.150
43%
Nicosia 12.589
41%
Avola 30.506
40%
Scicli 26.786
40%
Pachino 21.826
38%
Patti 12.699
38%
San Cataldo 20.659
38%
Partinico 30.746
37%
Niscemi 24.810
30%
Mazzarino 10.827
29%
Barrafranca 11.617
25%
Leonforte 12.183
25%
Nessun quiz corrispondente trovato
Distribuzione punteggi
Percentuale di utenti per punteggio
Percentile per numero di risposta
I tuoi punteggi nel tempo
Non hai fatto questo quiz